000 00297nam a22001337a 4500
008 180928b xxu||||| |||| 00| 0 eng d
020 _a020124800
041 _aeng
080 _a510
100 _a37
101 _aMAT
245 _aAddison - Wessley Mathematics
_cEicholz, R.E
942 _2udc
_cBK
999 _c48646
_d48646